| 000 | 004310000a22001810004500 | ||
|---|---|---|---|
| 003 | LK-CoMWRAF | ||
| 005 | 20231022124831.0 | ||
| 008 | 230817t ||||| |||| 00| 0 eng d | ||
| 040 |
_aLK-CoMWRAF _dLK-CoMWRAF _eLK-CoMWRAF |
||
| 041 | _aeng | ||
| 082 |
_a297 _bAHM |
||
| 100 | _aAhmed, Nur | ||
| 245 | _aForty great men and women in Islam | ||
| 260 |
_aDelhi : _bAdam, _c1990 |
||
| 300 | _a222p | ||
| 650 | _aIslam | ||
| 942 | _cBK | ||
| 999 |
_c1013 _d1013 |
||